Recreodinámica del adolescente: tiempo libre y motivación
Guardat en:
| Autor principal: | |
|---|---|
| Format: | Llibre |
| Idioma: | espanyol |
| Publicat: |
Buenos Aires
Librería del Colegio
1971
|
| Col·lecció: | Biblioteca nueva pedagogía
|
| Matèries: | |
| Etiquetes: |
Afegir etiqueta
Sense etiquetes, Sigues el primer a etiquetar aquest registre!
|
MARC
| LEADER | 00000nam a2200000 a 4500 | ||
|---|---|---|---|
| 001 | UCY9495 | ||
| 003 | CL-VaPUC | ||
| 008 | 950717e19710000AG |||||||||||||||||spa|d | ||
| 082 | 0 | 4 | |a 790.192 |b LOU |2 21 |
| 100 | |a Loughlin, Alfredo J. |e autor |9 341717 | ||
| 245 | 1 | 0 | |a Recreodinámica del adolescente: tiempo libre y motivación |
| 300 | |a 241 p | ||
| 942 | |c BK | ||
| 945 | |d 19950717 00:00:00 |a cmena | ||
| 260 | |a Buenos Aires |b Librería del Colegio |c 1971 | ||
| 650 | 0 | |a Actividades de tiempo libre |9 334349 | |
| 650 | 0 | |a Adolescencia |9 307361 | |
| 650 | 0 | |a Ocio |9 336997 | |
| 650 | 0 | |a Motivación |9 315362 | |
| 650 | 7 | |a JUEGO |2 CL-VaPUC |9 311404 | |
| 650 | 0 | |a Aspectos psicológicos |9 258128 | |
| 650 | 0 | |a Metodología |9 256610 | |
| 650 | 7 | |a ESPARCIMIENTO Y EDUCACION |2 CL-VaPUC |9 341701 | |
| 583 | |a last modification |c 19950717 00:00:00 |k Rodrigo Vera | ||
| 490 | 0 | |a Biblioteca nueva pedagogía | |
| 999 | |c 236582 |d 236580 | ||
| 952 | |0 0 |1 0 |4 0 |6 790_192000000000000_LOU_1971 |7 0 |8 P |9 244761 |a BIBEDU |b BIBEDU |c BIBEDU_PB |d 2019-11-18 |i 1531743 |o 790.192 LOU 1971 |p 1531743 |r 2024-01-25 |w 2019-11-18 |y BK |k EDU | ||
| 952 | |0 0 |1 0 |4 0 |6 790_192000000000000_LOU_1971 |7 0 |8 P |9 244762 |a BIBEDU |b BIBEDU |c BIBEDU_PB |d 2019-11-18 |i 1531751 |o 790.192 LOU 1971 |p 1531751 |r 2024-01-25 |w 2019-11-18 |y BK |k EDU | ||